| 000 | 00705njm a2200217 i 4500 | ||
|---|---|---|---|
| 001 | C2-0336051 | ||
| 003 | PPAK | ||
| 005 | 20180729135313.0 | ||
| 008 | 160426s2014 ohua|||| ||||| | eng d | ||
| 020 | _a9781501250989 | ||
| 040 |
_aPPAK _beng _cPPAK _erda |
||
| 245 | 1 | 0 |
_aThings I'll never say: _bstories about our secret selves |
| 264 | 1 |
_aSolon, Ohio : _bFindaway World, LLC , _c2014 |
|
| 336 |
_2rdacontent _atext |
||
| 337 |
_2rdamedia _aunmediated |
||
| 338 |
_2rdacarrier _avolume |
||
| 500 | _aIssued on Playaway, a dedicated audio media player. ; One set of earphones and one AAA battery required for listening. | ||
| 650 | 1 | 0 | _aShort stories, English. |
| 700 | _eauthor | ||
| 942 |
_ddc _cB |
||
| 999 |
_c164020 _d164020 |
||